Persediaan menulis sajak

Bibliographic Details
Main Author: Rahman Shaari
Format: Book
Published: Kuala Lumpur : DBP , 1990
Subjects:

MARC

LEADER 00000cam a2200000 7i4500
001 0000003790
002 000004087
005 20000330.0
020 |a 9836213465 
090 0 0 |a 899.280   |b RAH 
100 0 |a Rahman Shaari 
245 1 0 |a Persediaan menulis sajak   |c Rahman Shaari 
260 |a Kuala Lumpur :   |b DBP ,   |c 1990 
300 |a 128p. ;   |c 23cm. 
650 0 0 |a Poetry   |x Handbooks, manuals, etc 
999 |a 037016   |b BUKU   |c PINJAMAN   |e PERPUSTAKAAN KOMUNITI PETALING JAYA 
999 |a 037032   |b BUKU   |c PINJAMAN   |e PERPUSTAKAAN KOMUNITI PETALING JAYA